000 00809nam a22003131i 4500
001 14672
003 DO-SdBNP
005 20180302093526.0
006 14672
007
008 990501s1978 sp spa
016 7 _a
_z
_2BPMSU
017 _a
_b
020 _a8432983225
035 _a
040 _aBPMSU
_bspa
_cBPMSU
041 1 _a
_h
080 0 _a
100 1 _aStröse, Susanne
245 1 0 _aRegalos hechos por manos infantiles /
_h
_c Susanne Ströse
260 _aBarcelona :
_bCeac,
_c1978
300 _a40 p. :
_bil. ;
_c 20 cm
490 0 _aCómo hacerlo
_v22
650 7 _aTrabajos manuales
_vLibros infantiles
_2embne
830 _aCómo hacerlo
_v22
942 _2ddc
_cBK
945 _ainventariado, 2018 / dg
956 _aVMATEO
_210
_320160414
_6BPMSU
_80069
999 _c9793
_d9793